დიდი წიგნი პოლიტიკაზე / (ბიბ.ჩანაწერი № 63041)
[ მარტივი ფორმატი ]
| 000 -ლიდერი | |
|---|---|
| ფიქსირებული სიგრძის საკონტროლო ველი | 01471nam a22002417a 4500 |
| 003 - საკონტროლო ნომრის იდენტიფიკატორი | |
| საკონტროლო ველი | Ge_BSU |
| 005 - ბოლო ოპერაციის თარიღი და დრო | |
| საკონტროლო ველი | 20250522172050.0 |
| 008 - ფიქსირებული სიგრძის მონაცემთა ელემენტები - ზოგადი ინფორმაცია | |
| ფიქსირებული სიგრძის საკონტროლო ველი | 250522s2024 ge ||||| |||| 00| 0 geo d |
| 020 ## - წიგნის საერთაშორისო სტანდარტული ნომერი | |
| International Standard Book Number | 9789941380709 |
| 041 ## - ენის კოდი | |
| Language code of text/sound track or separate title | geo |
| 080 ## - უნივერსალური ათობითი კლასიფიკაციის ინდექსი | |
| Universal Decimal Classification number | 327 დ-45 |
| 245 ## - ცნობა სათაურის შესახებ | |
| Title | დიდი წიგნი პოლიტიკაზე / |
| Statement of responsibility, etc | თარგმანი: მანანა მათიაშვილი; ნინო ჭინჭარაული; ანა დარსაველიძე; რედ. ზ. აბაშიძე, თ. ჯანთიშვილი, ს. კვარაცხელია და სხვ. |
| 264 ## - წარმოების, გამოცემის, დისტრიბუციის და სხვა ცნობები | |
| გამოცემის, წარმოების, დისტრიბუციის... ადგილი | თბილისი : |
| გამოცემის, წარმოების, დისტრიბუციის... სახელწოდება | პალიტრა L, |
| გამოცემის, წარმოების, დისტრიბუციის... თარიღი | 2024. |
| 300 ## - ფიზიკური აღწერა | |
| Extent | 352 გვ.: |
| Other physical details | ილ.; |
| Dimensions | 24 სმ. |
| 500 ## - ზოგადი შენიშვნა | |
| General note | განმარტ. ლექსიკონი გვ.340-343 საძიებ. გვ.344-350 |
| 700 ## - ADDED ENTRY--PERSONAL NAME | |
| Personal name | მათიაშვილი, მანანა |
| Relator term | მთარგმნელი |
| 9 (RLIN) | 25092 |
| 700 ## - ADDED ENTRY--PERSONAL NAME | |
| Personal name | ჭინჭარაული, ნინო |
| Relator term | მთარგმნელი |
| 9 (RLIN) | 25093 |
| 700 ## - ADDED ENTRY--PERSONAL NAME | |
| Personal name | დარსაველიძე, ანა |
| Relator term | მთარგმნელი |
| 9 (RLIN) | 25094 |
| 700 ## - ADDED ENTRY--PERSONAL NAME | |
| Personal name | აბაშიძე, ზ. |
| Relator term | რედაქტორი |
| 9 (RLIN) | 25095 |
| 700 ## - ADDED ENTRY--PERSONAL NAME | |
| Personal name | ჯანთისვილი, თ. |
| Relator term | რედაქტორი |
| 9 (RLIN) | 25096 |
| 700 ## - ADDED ENTRY--PERSONAL NAME | |
| Personal name | კვარაცხელია, ს. და სხვ |
| Relator term | რედაქტორი |
| 9 (RLIN) | 25097 |
| 942 ## - ADDED ENTRY ELEMENTS (KOHA) | |
| Source of classification or shelving scheme | |
| Koha item type | წიგნი |
| ჩამოწერის სტატუსი | დაკარგული ეგზემპლარის სტატუსი | კლასიფიკაციის წყარო ან თაროზე გაწყობის სქემა | დაზიანების სტატუსი | არ გაიცემა | მუდმივი მდებარეობა (დაცვის ადგილი) | ამჟამინდელი ადგილსამყოფელი | თაროზე განთავსების ადგილი | შეძენის თარიღი | ღირებულება, შესყიდვის ნორმალური ფასი | სრული შენახვის შიფრი | შტრიხკოდი | ბოლო ოპერაციის თარიღი | ეგზემპლარის მიმდევრობითი ნომერი (კეტერი?) | ფასის ძალაში შესვლის თარიღი | ეგზემპლარის სახეობა | საჯარო შენიშვნა |
|---|---|---|---|---|---|---|---|---|---|---|---|---|---|---|---|---|
| ბათუმის შოთა რუსთაველის სახელმწიფო უნივერსიტეტის მთავარი ბიბლიოთეკა | ბათუმის შოთა რუსთაველის სახელმწიფო უნივერსიტეტის მთავარი ბიბლიოთეკა | წიგნსაცავი | 2025-05-22 | 56.00 | 327 დ-45 | 71516 | 2025-05-22 | 71516 | 2025-05-22 | წიგნი | 56 ლ. |
